000 00346 a2200157 4500
001 61665
020 _a978859153909
040 _cAnchieta - Pituba
100 _aSOUZA, Guilherme Embiruçu de
240 1 0 _aQuímica para a vida
_lpor
245 1 0 _aQuímica para a vida
300 _a491
362 0 _a2011
650 4 _aQuímica
942 _cBK
999 _c61665
_d61665